000 00299nam a2200109Ia 4500
008 200302s9999 xx 000 0 und d
100 _aCyril M. Harris ed.,
245 _aDictionary of Architecture and Construction
260 _bMcgraw- hill International Book co.,
260 _c1975
300 _a553 P.,
999 _c731
_d731